[Event "Wch U10"]
[Site "Batumi"]
[Date "2022.09.26"]
[Round "10"]
[White "Ikhsan, Ersultan"]
[Black "Lacan Rus, David"]
[Result "0-1"]
[WhiteElo "1198"]
[BlackElo "1886"]
[PlyCount "188"]
[EventDate "2022.09.16"]
[EventType "swiss"]
[EventRounds "11"]
[EventCountry "GEO"]
[SourceTitle "EXT 2023"]
[Source "ChessBase"]
[SourceDate "2022.10.05"]
[SourceVersion "1"]
[SourceVersionDate "2022.10.05"]
[SourceQuality "1"]

1. e4 c5 2. Nf3 Nc6 3. d4 cxd4 4. Nxd4 e5 5. Nb5 d6 6. N1c3 a6 7. Na3 Be6 8. Nc4 Rb8 9. Ne3 Nf6 10. Ned5 Bxd5 11. exd5 Nd4 12. g3 Be7 13. Bg2 0-0 14. 0-0 Nd7 15. Kh1 f5 16. f4 Bf6 17. fxe5 dxe5 18. Ne2 Nxe2 19. Qxe2 g6 20. Bh6 Re8 21. Rad1 Bg5 22. Bxg5 Qxg5 23. d6 e4 24. b4 h5 25. Qc4+ Kg7 26. Qc7 Rbd8 27. Qxb7 Rh8 28. Bxe4 h4 29. g4 fxe4 30. Qxe4 Rhe8 31. Qc4 Ne5 32. Qxa6 Qxg4 33. Qb7+ Rd7 34. Qd5 Nf7 35. c4 h3 36. c5 Re5 37. Qf3 Qxb4 38. c6 Rf5 39. cxd7 Rxf3 40. Rxf3 Qe4 41. Rdf1 Nd8 42. Kg1 Qg4+ 43. Rg3 Qd4+ 44. Kh1 Qd5+ 45. Kg1 Qxd6 46. Rxh3 Qxd7 47. Rhf3 Qd5 48. a3 Ne6 49. Rf7+ Kh6 50. R7f3 Ng5 51. Rg3 Ne4 52. Rh3+ Kg7 53. Rhf3 Nd2 54. Rf7+ Kh6 55. R1f4 Qc5+ 56. Kg2 Qd5+ 57. Kh3 Qe6+ 58. Kg2 Kg5 59. h3 Qe2+ 60. Kh1 Qe1+ 61. Kg2 Ne4 62. Rg4+ Kh6 63. Rff4 Nd6 64. Rf6 Qe2+ 65. Kh1 Qd1+ 66. Kh2 Qe2+ 67. Kh1 Qe1+ 68. Kg2 Qe2+ 69. Kh1 Qe1+ 70. Kg2 Nf5 71. Rgxg6+ Kh7 72. Rxf5 Kxg6 73. Rf1 Qe2+ 74. Rf2 Qe4+ 75. Kh2 Qe5+ 76. Kg2 Qd5+ 77. Kg3 Qd6+ 78. Kg4 Qxa3 79. h4 Qa4+ 80. Kg3 Qe4 81. Rf4 Qe3+ 82. Rf3 Qe1+ 83. Kh3 Qh1+ 84. Kg3 Qb1 85. Kg4 Qe4+ 86. Kg3 Kh5 87. Rf4 Qe3+ 88. Rf3 Qg1+ 89. Kh3 Qg4+ 90. Kh2 Qxf3 91. Kg1 Qe2 92. Kh1 Kg4 93. h5 Kg3 94. h6 Qg2# 0-1